| 000 | 00698pab a2200157 454500 | ||
|---|---|---|---|
| 008 | 180718b2000 xxu||||| |||| 00| 0 eng d | ||
| 100 | _aBarkdoll, Jake | ||
| 245 | _aBalanced scorecards in the federal government | ||
| 260 | _c2000 | ||
| 300 | _ap.43-45 | ||
| 362 | _aFall | ||
| 520 | _aThe purpose of this article is to provide useful information to federal managers who are considering the use of balanced scorecards (BSC) in their organizations. It includes insights from the private sector where BSCs were first introduced, and from 15 federal organizations that have used scorecards for one or more years. | ||
| 650 | _aPublic administration | ||
| 773 | _aPublic Manager | ||
| 909 | _a51139 | ||
| 999 |
_c51139 _d51139 |
||